| 000 | 00799nam a22001817a 4500 | ||
|---|---|---|---|
| 999 |
_c57990 _d57990 |
||
| 005 | 20230116153005.0 | ||
| 008 | 210416c2019 enk||||| |||| 00| 0 eng d | ||
| 022 | _a0008199x | ||
| 041 | _aeng | ||
| 245 |
_aThe Cambridge Quarterly / _cEditors K. Boddy, R. Lyne. |
||
| 260 |
_aOxford, _c2019. |
||
| 300 | _aV. | ||
| 653 | _aკემბრიჯის ჟურნალი | ||
| 653 | _aლიტერატურული კრიტიკის ჟურნალი, რომელიც აქვეყნებს სტატიებს კინოს, ვიზუალურ ხელოვნებასა და მუსიკაზე | ||
| 700 |
_aBoddy, K. _eრედაქტორი _95276 |
||
| 700 |
_aLyne, R. _eრედაქტორი _95277 |
||
| 942 |
_2udc _cBK |
||